MDQL
is popping MORE tags! Check the
thread
!
Quizzes
Events
Quiz Creation
Community
Videos
Private Events
Remove Ads
Sign In
Join for FREE
Feedback
Dark Mode
Quiz Categories
Sports
Geography
Music
Movies
Television
Just For Fun
Miscellaneous
History
Literature
Language
Science
Gaming
Entertainment
Religion
Holiday
For Kids
Quiz Lab
Recent
Popular Today
Quiz Kudos Today
Editor Picks
Curator Picks
Quizzes by...
Day
Popularity
Type
Ratings
Length
Year
Community
Subscriptions
Recent Discussions
Orange Saloon
Badges
Playlists
Quests
Create
Leaderboards
Showdown
Live 5
Trivia Bingo
Activity
Puzzle Library
Sporcle Events
Private Events
Virtual Trivia
Globe League
Become a Host
Pub Owners
SporcleCon
Opinionation
Our Games
Videos
Blog
Mobile Apps
Partnerships
Remove Ads and Go Orange
Feedback
Sports
Athletes
MLB
NBA
NHL
NFL
Soccer
Sports Teams
WWE
NCAA
Football
Premier League
Basketball
Baseball
Hockey
Golf
Tennis
Cricket
Rugby
Auto Racing
Olympics
World Cup
Sports
Athletes
MLB
NBA
NHL
NFL
Soccer
Sports Teams
WWE
NCAA
Football
Premier League
Basketball
Baseball
Hockey
Golf
Tennis
Cricket
Rugby
Auto Racing
Olympics
World Cup
Random Quiz
Search Sporcle
×
Quiz Lab
Quiz Lab
Sports
NBA
Type in answers that appear in a list
Type in answers that appear in a list
Classic
Best Score? Go Orange.
Jerry Sloan Starters Stats
Can you name the players who started for the Utah Jazz during Jerry Sloan's coaching tenure?
By
JA1831
15m
82 Questions
927 Plays
927 Plays
927 Plays
Comments
Comments
Give Quiz Kudos
Give Quiz Kudos
-
- Ratings
hide this ad
Replay
Link that replays current quiz
Next Quiz
Link to next quiz in quiz playlist
You Got
0%
They Got
Avg Score
40%
Avg Friend Score
Upgrade to see
Score Distribution
Jump to the score distribution portion of the page
Score
0/82
Timer
15:00
0
Plays Today
Games
Player
% Correct
1172
Karl Malone
99.2%
1159
John Stockton
98.9%
403
Deron Williams
95.4%
259
Jeff Malone
93.2%
436
Jeff Hornacek
91.7%
318
Greg Ostertag
88.7%
463
Andrei Kirilenko
88.3%
340
Carlos Boozer
88.1%
367
Bryon Russell
84.4%
404
Mehmet Okur
81.7%
365
Mark Eaton
81.2%
102
Paul Millsap
70.3%
54
Al Jefferson
64.1%
191
Matt Harpring
63%
24
Howard Eisley
60.2%
12
Antoine Carr
59.2%
223
Ronnie Brewer
58.5%
4
Shandon Anderson
56.5%
127
C.J. Miles
55.7%
57
Thurl Bailey
55.7%
2
Kyle Korver
54.6%
87
Carlos Arroyo
53%
64
Greg Foster
52.8%
78
Adam Keefe
51.6%
86
Raja Bell
50.7%
10
Gordon Hayward
50.3%
40
Mike Brown
46.7%
186
Blue Edwards
45.6%
Games
Player
% Correct
206
Jarron Collins
45%
14
Devin Brown
43.4%
61
Derek Fisher
43.1%
26
Raul Lopez
43.1%
87
DeShawn Stevenson
42.1%
59
Darrell Griffith
42.1%
2
Eric Johnson
41.4%
179
David Benoit
41.1%
104
Gordan Giricek
41.1%
76
Tyrone Corbin
40.9%
4
Earl Watson
40.8%
35
Chris Morris
39.2%
1
Jamie Watson
38.2%
6
Kris Humphries
37.4%
91
Donyell Marshall
37.3%
39
Jay Humphries
35.4%
183
Felton Spencer
35.1%
6
Kyrylo Fesenko
33.9%
24
Ronnie Price
33.7%
65
John Starks
32.8%
158
Olden Poynice
32.7%
79
Keith McLeod
31.9%
48
Wesley Matthews
31.3%
4
Tom Chambers
31.1%
20
Quincy Lewis
29.6%
90
Bob Hansen
27.7%
18
Milt Palacio
27.6%
7
Kirk Snyder
25.2%
Games
Player
% Correct
12
Scott Padgett
23.2%
23
Curtis Borchardt
22.7%
1
Morris Almond
22.2%
1
John Amaechi
22.2%
5
Ben Handlogten
21%
24
Tom Gugliotta
20.7%
7
Kosta Koufos
20.7%
2
Eric Maynor
19.6%
74
Calbert Cheaney
19.2%
2
Delaney Rudd
18.1%
41
James Donaldson
17%
2
Luther Wright
16.5%
14
Sasha Pavlovic
16.2%
3
Isaac Austin
14.6%
2
Jose Ortiz
14.5%
47
Marc Iavaroni
13.8%
2
Todd Fuller
13.2%
1
Francisco Elson
11.3%
1
Tony Massenburg
10.9%
23
Michael Ruffin
10.2%
15
Andy Toolson
10.2%
2
Andre Owens
7.9%
6
Aleksandar Radojevic
6.8%
4
Walter Bond
6.7%
4
Randy Livingston
5.9%
2
William Cunningham
5.3%
Quiz Playlist
Details
Report
Send in Message
Add To Playlist
Classic:
Type in answers that appear in a list
Quiz Source
Last Updated: Feb 16, 2017
Quiz Scoreboard
CHALLENGE
Sign Up to Join the Scoreboard
Show All
Scores
Hide
Comments
May contain spoilers
Recently Published
Colored Red Africa Blitz
by spor1
Geography
30s
Find the 'City' Movie
by crazypaving
Movies
60s
5x2 Blitz: Bands
by SL_Kpop136
Music
30s
More to Explore
Quiz From the Vault
Featured Blog Post
14 Easter Pick-up Lines to Find Eggs With
hide this ad
You Might Also Like...
Tags
Basketball Quiz
NBA Quiz
coach
Jazz
Jerry
Player
Started
Starter
tenure
utah
Utah Jazz
Today's Top Quizzes in Sports
Browse Sports
hide this ad
Today's Top Quizzes in NBA
Browse NBA
Top Contributed Quizzes in Sports
1
Les entraîneurs de l'OM et du PSG au 21e siècle
2
Les meilleurs buteurs des matchs entre le PSG et l’OM
3
Players with Multiple 50 Home Run Seasons
4
2022 World Cup Stars
5
Les joueurs passés par le PSG et l'OM
6
NBA Logic Puzzle 2.0
7
Criteria MLB: Left Handed Sluggers
8
MLB Players with Two .350 Batting Average Seasons
9
Top 10 NHL Goal Scorers of All Time
10
Who Hit More Homers?
Explore More
Trending Topics
NBA
Marvel
Crossword
Anime
Harry Potter
Disney
Kpop
Song
The Office
Soccer
WWE
Pokémon
NFL
Country
Puzzle
hide this ad
More By:
JA1831
Quiz
Plays
Rating
Category
Featured
Created
Jerry Sloan Starters
927
4.80
Sports
Jun 29, 2011
NBA Leading Scorers by Draft Class
220
5.00
Sports
Jun 27, 2011
NBA Top Scoring non All-Stars
137
4.67
Sports
Jun 11, 2014
NBA Leaders by Big Ten School
95
5.00
Sports
Jun 30, 2011
NBA Top 25 Scorers in 1990
69
Sports
May 28, 2014
Go to Creator's Profile
Score Distribution
Quiz Creator Spotlight
JA1831
Follow
Send a Message
Quizzes Created
-
Created Quiz Play Count
-
More By This Creator
Popular Quizzes Today
1
Colored Red Africa Blitz
2
Find the 'City' Movie
3
5x2 Blitz: Bands
4
Find the US States - No Outlines Minefield
5
The Countries of the World
6
Find the US States
7
US States
8
Find the Countries of Europe - No Outlines Minefield
More Sports Quizzes
English Premier League: Top 300 Goalscorers
Quiz Lab
Trending Quizzes
Colored Red Europe Blitz I
Colored Red Africa Blitz II
Colored Red Europe Blitz II
Colored Red Africa Blitz III
Colored Red Europe Blitz III
Recently Updated
How Do You Spell That?
pecheneg
Godzilla Movies
pecheneg
Grab Bag: 4-10 Letters
pecheneg
2024 March Madness Bracket
pecheneg
Famous TV Couples
Peacemaker
Champions League XIs: Real Madrid
pecheneg
Largest US Cities 1790-2010
pecheneg
Rides in Walt Disney World
pecheneg
Most Oscar Losses (Acting)
pecheneg
Beyoncé Albums
pecheneg
Trending Topics
Marvel
Harry Potter
Crossword
Disney
NBA
Kpop
Anime
Country
Puzzle
The Office
WWE
Song
Soccer
NFL
Pokémon
Your Account Isn't Verified!
In order to create a playlist on Sporcle, you need to verify the email address you used during registration. Go to your
Sporcle Settings
to finish the process.
Report this User
Report this user for behavior that violates our
Community Guidelines
.
Details:
Send Report
Go to the Sporcle.com Mobile Site →
Comments